00558 a2200181 4500008004100000010001400041020002300055035001300078037001800091082001100109100001800120245004400138246001200182260004100194270010000235300002300335650001800358080820t xxu||||| |||| 00| 0 eng d aENG-84935 a8175243002c150.00 aEN-68468 bD.B.Act / Pub a796.32 aSharma, N. P. aPlay and learn netballcby N. P. Sharma aNetball aNew DelhibKhel Sahitya Kendrac2005 a7/26, Ansari Road, Darya Ganj,bNew DelhicDelhie110002l55190343mkhelsahitya1@rediffmail.com a130 p.c21 cm (Hb) aNetballxplay